Harry Potter name chain Quiz Stats

 Plays Quiz not verified by Sporcle

Score 0/38 Timer 10:00
0 Plays Today
Question Answer % Correct
Harry Potter's best friend ?Ron Weasley
98.9%
Who is married to ?Hermione Granger
97.8%
Whose husband is ?Harry Potter
94.4%
Whose aunt is ?Ginny Weasley
93.3%
Whose mother and daughter are called ?Lily Potter
92.2%
Whose husband and grandson are called?James Potter
92.2%
Whose daughter is ?Rose Weasley
91.1%
Whose younger brother is?Hugo Weasley
90%
Whose brother is ?Albus Potter
87.8%
Who pretends to work for who?Voldemort
87.8%
Whose deceased child is ?Fred Weasley
87.8%
Whose twin is ?George Weasley
87.8%
Who is also named after ?Severus Snape
86.7%
Whose loyalest follower is?Bellatrix Lestrange
85.6%
Who gets killed by ?Molly Weasley
85.6%
Who is married toAngelina Johnson
80%
and?Katie Bell
80%
Whose fellow chasers are? Alicia Spinnet
76.7%
Who is first mentioned by?Albus Dumbledore
67.8%
Question Answer % Correct
Who's husband is ?Remus Lupin
66.7%
Who was replaced as head of Gryffindor by? Minerva Mcgonagall
65.6%
Whose species is included in a tournament three eighteen year olds take on and they areFleur Delacour
65.6%
and?Viktor Krum
64.4%
Who gets killed in a graveyard by?Peter Pettigrew
64.4%
Whose brother that is interested in dragons is calledCharlie Weasley
63.3%
and?Cedric Diggory
63.3%
The real moody is part of this secret orginisation ?Order of the phoenix
63.3%
Who have a werewolf colleague called?Fenrir Greyback
62.2%
Who attacked this non~werewolf surviving wizard Bill Weasley
62.2%
Who lets this giant into her shop while harry is hidingRubeus Hagrid
61.1%
Who gets given a necklace in the three broomsticks which is owned by ?Madam Rosmerta
53.3%
With this metamorphmagusNymphadora Tonks
46.7%
Who happily takes in ?Norbert
44.4%
Who is waiting for people to through a portkey placed by?Barty
42.2%
Who was killed by ?Antonin Dolohov
31.1%
Who fights off Snape's henchmen who's names are?Amycus and Alecto Carrow
25.6%
Who replaces this teacherProfessor Kettleburn
22.2%
Who was defeated by? Filius Flitwick
13.3%

You're not logged in!

Compare scores with friends on all Sporcle quizzes.
OR
Log In

Sporcle TV

Today on Sporcle TV


Watch our educational content, quiz creation guides, and fun videos on Sporcle TV.

Show Comments

Extras

Created Aug 14, 2016ReportNominate
Tags:Harry Potter Quiz, trivia

Top Quizzes Today


Score Distribution

Your Account Isn't Verified!

In order to create a playlist on Sporcle, you need to verify the email address you used during registration. Go to your Sporcle Settings to finish the process.

Report this User

Report this user for behavior that violates our Community Guidelines.

Details: